000 00839nmm a2200277 a 4500
003 AR-BaBNM
005 20251128211751.0
008 276020s2004 ||||||||||||||000 | spa||
020 _a84-205-3832-9
040 _cAR-BaBNM
100 1 _aCastillo Arredondo, Santiago
245 1 0 _aEvaluación de programas de intervención socioeducativa
_bagentes y ámbitos
260 _aMadrid
_bPearson-Prentice Hall
_c2004
300 1 _axv, 248 p.
_btablas
504 _aContiene referencias bibliográficas
650 4 _aPROGRAMAS DE EDUCACION
650 4 _aPROGRAMAS SOCIALES
650 4 _aCRITERIOS DE EVALUACION
650 4 _aMETODOS DE EVALUACION
653 0 _aPLANEAMIENTO EDUCATIVO
653 0 _aPEDAGOGIA SOCIAL
653 0 _aEVALUACION EDUCATIVA
700 1 _aCabrerizo Diago, Jesús
942 _cBK
998 _cme-solo cat
999 _c21021
_d21021